|
|
|
|
| LEADER |
00000nab a2200000uu 4500 |
| 001 |
vtls010896256 |
| 003 |
SK-MaSNL |
| 005 |
20260303141647.0 |
| 008 |
230222|1940 xo |||||||||||||||||slo| |
| 015 |
|
|
|a SNBRB
|
| 035 |
|
|
|a (urnnbn)urn:nbn:sk:snk:ar-006kvk
|
| 035 |
|
|
|a (uuid)c9eb0ce9-29ba-4fd6-a330-d8b854b8b113
|
| 035 |
|
|
|a urn:nbn:sk:snk-ab8oye
|
| 040 |
|
|
|a SNKBUCL
|b slo
|c SNKBUCL
|e AACR2
|
| 041 |
0 |
|
|a slo
|
| 044 |
|
|
|a xo
|c SK
|
| 100 |
1 |
|
|a Adalbert L. Arany
|4 aut
|9 1161448
|
| 245 |
1 |
0 |
|a STRIEDNICE TYPU ä, V NÁREČÍ NIŽNOSLANSKOM.
|c Adalbert L. Arany
|
| 773 |
0 |
|
|t Sborník Matice slovenskej
|g Roč. 18, č. 1 (1940), s. 17-25
|
| 954 |
|
|
|a odborná, vedecká literatúra pôvodná (slovenská)
|2 lita
|
| 958 |
|
|
|a OND
|
| 958 |
|
|
|a EUIPO
|
| 958 |
|
|
|a article10
|
| 999 |
|
|
|c 1977683
|d 1979613
|